| Tag |
First Indicator |
Second Indicator |
Subfields |
| LEADER |
00000cam a2200000 a 4500 |
| 001 |
in00000376830 |
| 005 |
20151011091037.0 |
| 008 |
830128s1982 gw b 00110 eng |
| 010 |
|
|
|a 82234592
|
| 020 |
|
|
|a 9027933391
|
| 035 |
|
|
|a (OCoLC)09255423
|
| 035 |
|
|
|9 ABQ6910AM
|
| 039 |
0 |
|
|a 2
|b 3
|c 3
|d 3
|e 3
|
| 040 |
|
|
|a DLC
|c DLC
|d TXA
|d UtOrBLW
|
| 043 |
|
|
|a s-ag---
|a s-uy---
|
| 049 |
|
|
|a TXAM
|c [1274301]
|
| 050 |
0 |
0 |
|a Z1625 A2
|b D38 1982
|
| 082 |
0 |
|
|a 016.467/982
|2 19
|
| 100 |
1 |
|
|a Davis, Jack Emory,
|d 1913-
|
| 245 |
1 |
4 |
|a The Spanish of Argentina and Uruguay :
|b an annotated bibliography for 1940-1978 /
|c Jack Emory Davis.
|
| 264 |
|
1 |
|a Berlin ;
|a New York :
|b Mouton,
|c [1982]
|
| 264 |
|
4 |
|c ©1982
|
| 300 |
|
|
|a ix, 360 pages ;
|c 24 cm.
|
| 336 |
|
|
|a text
|b txt
|2 rdacontent
|
| 337 |
|
|
|a unmediated
|b n
|2 rdamedia
|
| 338 |
|
|
|a volume
|b nc
|2 rdacarrier
|
| 490 |
1 |
|
|a Janua linguarum : Series maior ;
|v 105
|
| 504 |
|
|
|a Includes bibliographical references and index.
|
| 650 |
|
0 |
|a Spanish language
|x Dialects
|z Argentina
|x Bibliography.
|
| 650 |
|
0 |
|a Spanish language
|x Dialects
|z Uruguay
|x Bibliography.
|
| 830 |
|
0 |
|a Janua linguarum.
|p Series maior ;
|v 105.
|
| 999 |
|
|
|a MARS
|
| 999 |
f |
f |
|s a09c703e-cef4-3973-bafe-e4165a5c3498
|i 691abfa0-fb6e-36a5-834f-3724089cec72
|t 0
|
| 952 |
f |
f |
|p normal
|a Texas A&M University
|b College Station
|c Sterling C. Evans Library
|d Evans: Library Stacks
|t 0
|e Z1625 A2 D38 1982
|h Library of Congress classification
|i unmediated -- volume
|m A14807508577
|
| 998 |
f |
f |
|a Z1625 A2 D38 1982
|t 0
|l Evans: Library Stacks
|